000 00442nam a2200193Ia 4500
005 20250423101057.0
008 250422s9999 xx 000 0 und d
020 _a0-7382-0601-6
050 _aRJ61.P215/
100 _aRobert H. Pantell
245 0 _aTaking care of your child
250 _aSixth Edition
260 _aCambidge
260 _bPerseus Books
260 _c2002
300 _a517 p
650 _aMedicine
942 _cBK
999 _c35217
_d35217